| 000 | 00954cam a22003135a 4500 | ||
|---|---|---|---|
| 001 | 3626909 | ||
| 005 | 20150810103900.0 | ||
| 008 | 711220t1971 nyua frb 001 0 eng | ||
| 010 | _a 74158710 | ||
| 020 | _a0690313098 | ||
| 040 |
_aDLC _beng _cDLC _dEG-ScBUE |
||
| 043 | _an-us--- | ||
| 050 | 0 | 0 |
_aE183.7 _b.L45 1971 |
| 082 | 0 | 4 |
_a327.73 _bLEN _222 |
| 100 | 1 |
_aLens, Sidney. _99666 |
|
| 245 | 1 | 4 |
_aThe forging of the American empire / _bSidney Lens. |
| 260 |
_aNew York : _bThomas Y. Crowell Company, _cc.1971. |
||
| 300 |
_a462 p. ; _c24 cm. |
||
| 350 | _a$10.00 | ||
| 500 | _aIndex: p. 453-462. | ||
| 504 | _aBibliography : p. 437-452. | ||
| 590 | _aMenna Elemam | ||
| 650 | 0 |
_aImperialism _xHistory. _99667 _2BUEsh |
|
| 651 | 0 |
_aUnited States- _xForeign relations. _99668 _2BUEsh |
|
| 651 | 0 |
_aUnited States- _xTerritorial expansion. _99669 _2BUEsh |
|
| 653 |
_bBUSBOL _cAugust2015 |
||
| 655 |
_vreading book _934232 |
||
| 942 |
_2ddc _cBB |
||
| 999 |
_c12986 _d12986 |
||